000 00955nam a22002897a 4500
999 _c345
_d345
001 001310
003 CoMeUDC001310
005 20181211225015.0
008 000802s1999 ck a r 00010 spa d
015 _ack-1999-xxxx
020 _a9589660940
035 _aAGZ7359 LA
040 _ala
_cCoMeUDC
041 0 _aspa
045 _ax-x-
082 0 4 _a336.29
_bA346
_220 ed.
110 _aMedellín (Colombia).
_bAlcaldía. Secretaría de Hacienda.
_9600
245 1 0 _aHacienda pública :
_bprincipios de las obligaciones tributarias a finales del siglo XX /
_cAlcaldía de Medellín. Secretaría de Hacienda.
260 _aMedellín :
_bAlcaldía de Medellín,
_c[1999?].
300 _a30 p. :
_bil. ;
_c28 cm.
440 0 _aEs hora de actuar.
_pCartilla ;
_v3
500 _aIncluye glosario : p. 30.
650 _aImpuestos
_x Historia
_y Siglo XX.
730 0 _aAntioquia-Bibliografa̕ regional.
942 _2ddc
_cBK
949 _ac
_bn